000
00326nam a2200133Ia 4500
003
OSt
005
20230727110739.0
008
170524s9999 xx 000 0 und d
040
_c
IIMT UNIVERSITY
100
_a
RAO- TV
245
0
_a
360 DEGREE FEEDBACK AND PERFORMANCE MANNUAL SYSTEM
260
_b
EXCEL BOOKS
942
_2
ddc
_c
02
999
_c
8245
_d
8245